| 000 | 00362nam a22001337a 4500 | ||
|---|---|---|---|
| 082 |
_a170 _bRUS |
||
| 100 |
_aRuest Bertrand _946367 |
||
| 245 |
_aThe conquest of happiness _cRuest Bertrand |
||
| 260 |
_aLahore, _bAli Majeed Printers _c[ |
||
| 300 |
_a252p.: _bill,; _c10 cm. |
||
| 526 |
_a0 _b0 _c0 _d170_000000000000000_RUS |
||
| 650 |
_aMCE _9379 |
||
| 942 |
_2ddc _cBK |
||
| 999 |
_c549717 _d549717 |
||